| 000 | 00430nam a2200157 4500 | ||
|---|---|---|---|
| 003 | SEACOMEC | ||
| 005 | 20240807161031.0 | ||
| 008 | 240807b |||||||| |||| 00| 0 eng d | ||
| 022 | _c300.00 | ||
| 040 | _aSEACOMEC | ||
| 082 |
_a004.21 _bK21 |
||
| 100 | _a KAUJALGI, V B | ||
| 245 |
_aSTRUCTURED SYSTEMS ANALYSIS AND DESIGN DATA FLOW APPROACH _cV B KAUJALGI, |
||
| 260 |
_aHyderabad _bUniversities Press _c1994 |
||
| 942 | _cBOOK | ||
| 999 |
_c1539 _d1539 |
||